00621nam a2200169 a 450000100100000000500170001000800410002704000250006808200150009324501420010826000590025030000270030970000310033670000340036770000200040170000300042100003006620200930060020.0110428s1985 dr a 000 0 spa d aDO-SdBNPbspacBNPHU axxxbM294p01aManual de prácticas de laboratorio análisis químico cuantitativo :bQUI-241, QUI-242, QUI /cMilecia Acosta de Nesrala...[et. al.]. aSanto Domingo :bEditora Universitaria, (UASD),c1985. a72 p. :bil. ;c28 cm.1 aAcosta de Nesrala, Milecia1 aRubiera de Cabral, Altagracia1 aPeralta de Cruz1 aFermin Gutiérrez, Pedro